00581 2200217 4500001002100000008004100021035002000062245004500082100000900127110000900136260005200145300001200197020002200209084001400231082000800245650002800253990001900281990002100300990002100321990002100342INLIS000000000001187 ind  a0010-0724001187 aCita-CitakucAku Ingin Menjadi Astronout aTina aTina aBandungbGlobalindo Universal Multikreasic2009 a50 hlm. a978-979-749-089-8 a629 TIN c a629 aLain-lain Cabang Teknik aP29/CP/24/1187 aP29/CP/24/1187.4 aP29/CP/24/1187.3 aP29/CP/24/1187.2